000 00679pam a2200241 a 4500
999 _c4749
_d4749
001 45
003 BD-DhUAP
005 20201118151329.0
008 201118s1989 nyua 001 0 eng
020 _a0895737558
020 _a352727846X
040 _aDLC
_cDLC
_dBD-DhUAP
_beng
082 0 0 _a543.5 THU
_223
100 1 _aThulstrup, Erik Waaben.
245 1 0 _aElementary polarization spectroscopy /
_cErik W. Thulstrup and Josef Michl.
260 _aNew York :
_bVCH,
_cc1989.
300 _avii, 167 pages :
_billustration ;
_c24 cm.
500 _aIncludes index.
650 0 _aSpectrum analysis.
650 0 _aLinear dichroism.
700 1 _aMichl, Josef.
942 _2ddc
_cBK